Playboi Carti Discography (Hard) - Statistics

General Stats
  • This quiz has been taken 300 times
  • The average score is 5 of 6
Answer Stats
Year Type Name % Correct
2020 Solo Album Whole Lotta Red
98%
2017 Mixtape Playboi Carti
97%
2018 Solo Album Die Lit
93%
? Solo Album Music
79%
2012 Mixtape Young Misfit
52%
2011 Mixtape THC: The High Chronicals
38%
No matching quizzes found
Score Distribution
Percent of People with Each Score
Percentile by Number Answered
Your Score History
You have not taken this quiz